Nationalism and national integration in Tamil films : (Record no. 90564)

MARC details
000 -LEADER
fixed length control field 00648nam a22001937a 4500
005 - DATE AND TIME OF LATEST TRANSACTION
control field 20150115113329.0
010 ## - LCCN (DPL NO)
LC control number ENG-111505
020 ## - INTERNATIONAL STANDARD BOOK NUMBER
International Standard Book Number 9788174878380
Terms of availability 350.00
035 ## - SYSTEM CONTROL NUMBER
System control number EN-95037
037 ## - SOURCE OF ACQUISITION
Source of stock number/acquisition DBAD/PUB
082 ## - DEWEY DECIMAL CLASSIFICATION NUMBER
Classification number 791.4381095482
100 ## - MAIN ENTRY--PERSONAL NAME
Personal name Neelamalar, M.
245 ## - TITLE STATEMENT
Title Nationalism and national integration in Tamil films :
Statement of responsibility, etc by M. Neelamalar
Remainder of title 1920s-2009 /
260 ## - PUBLICATION, DISTRIBUTION, ETC. (IMPRINT)
Place of publication, distribution, etc New Delhi
Name of publisher, distributor, etc Radha Publications
Date of publication, distribution, etc 2013
270 ## - ADDRESS
Address 4231/1,Ansari Road,Daryaganj
City New Delhi
Postal code 110002
300 ## - PHYSICAL DESCRIPTION
Extent 150p. :
Other physical details ill.
Dimensions 22cm(Hb)
500 ## - GENERAL NOTE
General note Includes bibliographical references and index
942 ## - ADDED ENTRY ELEMENTS (KOHA)
Source of classification or shelving scheme Dewey Decimal Classification
Item type English Books
Call number suffix NEE
Classification part 791.4381095482
Holdings
Withdrawn status Lost status Not for loan Collection code Home library Current library Date acquired Source of acquisition Cost, normal purchase price Full call number Barcode Copy number Cost, replacement price Koha item type
    Not For Loan Non-fiction D.B.Act.Division D.B.Act.Division 06/01/2015 DBAD / PUB 350.00 791.4381095482 NEE EN-95037 1 350.00 English Books

© Delhi Public Library
Hit Counter
free hit counter